Didáctica y curriculum: convergencias en los programas de estudio
Uloženo v:
| Hlavní autor: | |
|---|---|
| Médium: | Kniha |
| Jazyk: | španělština |
| Vydáno: |
Ciudad de México
Paidós
1997
|
| Vydání: | 1a. ed |
| Edice: | Paidós Educador, 127
|
| Témata: | |
| Tagy: |
Přidat tag
Žádné tagy, Buďte první, kdo vytvoří štítek k tomuto záznamu!
|
MARC
| LEADER | 00000nam a2200000 a 4500 | ||
|---|---|---|---|
| 001 | UCI7558 | ||
| 003 | CL-VaPUC | ||
| 008 | 080710e19970000MX |||||||||||||||||spa|d | ||
| 020 | |a 9688533629 | ||
| 082 | 0 | 4 | |a 375 |b DIA |2 21 |
| 100 | 0 | |a Díaz Barriga, Angel |e author |9 530828 | |
| 245 | 1 | 0 | |a Didáctica y curriculum: convergencias en los programas de estudio |
| 250 | |a 1a. ed | ||
| 300 | |a 207 p | ||
| 942 | |c BK | ||
| 945 | |d 20080710 00:00:00 |a rbrito | ||
| 260 | |a Ciudad de México |b Paidós |c 1997 | ||
| 650 | 0 | |a Currículo |9 307290 | |
| 650 | 0 | |a Desarrollo curricular |9 365285 | |
| 650 | 0 | |a Programas de estudios |9 341189 | |
| 650 | 0 | |a Aprendizaje |9 254827 | |
| 650 | 0 | |a Formación profesional de profesores |9 307493 | |
| 650 | 0 | |a Didáctica |9 369923 | |
| 583 | |a last modification |c 20080710 00:00:00 |k Rodrigo Vera | ||
| 490 | 0 | |a Paidós Educador, 127 | |
| 999 | |c 330803 |d 330801 | ||
| 952 | |0 0 |1 0 |4 0 |6 375_000000000000000_DIA_1997 |7 0 |8 A |9 416626 |a BIBMAT |b BIBMAT |c E_DIDACT |d 2019-11-22 |i 4469216 |o 375 DIA 1997 |p 4469216 |r 2025-01-07 |w 2019-11-22 |y BK |k MAT | ||